Slovene Monopoly Board Quiz - Statistics

General Stats
  • This quiz has been taken 56 times
  • The average score is 3 of 36
Answer Stats
Location % Correct
Ljubljana Brnik Airport
77%
Bled Lake
51%
Bohinj Lake
47%
. Go
25%
Kranjska Gora
21%
Krvavec
15%
Jail
11%
Kanin
8%
California
4%
Kitzbühel
4%
Reward
4%
Schladming
4%
St Tropez
4%
Taxicab
4%
Andorra
2%
Bad Start
2%
Bahamas
2%
Cannes
2%
Casino
2%
Circus
2%
Disco Club
2%
Florida
2%
Haiti
2%
Jamaica
2%
Kaprun
2%
Liechtenstein
2%
London Heathrow Airport
2%
Monte Carlo
2%
Nigeria
2%
Paris Orley Airport
2%
Punishment
2%
San Marino
2%
Sidney Airport
2%
Water Taxi
2%
Zambia
2%
Zimbabwe
2%
No matching quizzes found
Score Distribution
Percent of People with Each Score
Percentile by Number Answered
Your Score History
You have not taken this quiz